000 01196naa a22002777a 4500
001 BR9406919
003 BR-BrBNA
005 20240918181313.0
007 ta
008 230509b bl.||||| |||| 00| 0 por d
040 _aBR-BrBNA
_bpor
_cBiblioteca Nacional de Agricultura
041 _a(Pt)
072 _aD10
090 _aD10 BR9406919
100 1 _aMartini, E.
111 1 _aSeminario sobre Planejamento do Desenvolvimento Florestal e do Uso da Terra
_cRio de Janeiro, RJ (Brazil)
_d11-14 Oct 1977
245 1 _aEstrutura do processo de planejamento com especial referencia a agricultura e ao sub-setor florestal
260 3 _aRio de Janeiro, RJ (Brasil):
_c1977.
500 _aAnais do Seminario sobre Planejamento do Desenvolvimento Florestal e do Uso da Terra. V. 2 Rio de Janeiro, RJ (Brasil): 1977. p. 96-118 (BR9406919-AM)D10
650 _aAdministracao Publica
650 _aPlanejamento Governamental
650 _aPlanejamento Economico
773 0 _tAnais do Seminario sobre Planejamento do Desenvolvimento Florestal e do Uso da Terra. V. 2
_wD10 BR9406919
_gRio de Janeiro, RJ (Brasil), 1977. p. 96-118
909 _a202404
_bLucia
_c55
_dLucia Elande
942 _cAM
_2AGRIS
999 _c324656
_d324656